000 00635nam a2200277Ia 4500
005 20260324135059.0
008 008 260324s9999 xx 000 0 eng d
020 _a9781003577003
037 _aEBOOK
040 _aCRL
040 _beng
040 _cCRL
041 _2eng
041 _aeng
084 _qCRL
100 _aJohn Clare
_91168112
245 0 _aJohn Clare's Guide to Media Handling
260 _bTaylor and Francis
260 _c2001
365 _a
365 _b150
856 _uhttp://www.taylorfrancis.com/books/9781003577003
942 _cEBOOK
999 _c1799972
_d1799972